000 00793nam a22002177a 4500
003 OSt
005 20260317062503.0
008 260317b |||||||| |||| 00| 0 eng d
020 _a978-0-545-48191-5
040 _aDWCL GS lib
_cOC
082 _aS854m 2013
100 _aSTILTON, GERONIMO
245 _aMouse in space!
_cGERONIMO STILTON
260 _aNew York
_bScholastic Inc
_c2013
300 _a107 p
_c19 cm
520 _a a high-flying adventure where Geronimo is recruited for a top-secret mission to save New Mouse City from an evil professor.
650 _a It follows the reluctant journalist-mouse on a top-secret mission to outer space.
650 _athe value of bravery, and the importance of teamwork and friendship.
700 _aGERONIMO STILTON
942 _2ddc
_cFIC.
_n0
999 _c9232
_d9232